Music Quiz

Random Music or Lyrics Quiz
Score 0/148 Timer 08:00
1 Play Today
% Correct
the
96.1%
the
96.1%
The
96.1%
the
96.1%
the
96.1%
the
96.1%
the
96.1%
the
96.1%
the
96.1%
on
90.2%
on
90.2%
you
86.5%
you
86.5%
you
86.5%
you
86.5%
You
86.5%
you
86.5%
you
86.5%
you
86.5%
you
86.5%
you
86.5%
you
86.5%
a
85.6%
in
82.9%
in
82.9%
in
82.9%
in
82.9%
in
82.9%
in
82.9%
wall.
82.8%
Very
79.8%
Very
79.8%
Very
79.8%
Very
79.8%
Very
79.8%
Superstition
79.5%
Superstition
79.5%
Superstition
79.5%
superstitious;
78.6%
superstitious;
78.6%
superstitious;
78.6%
superstitious.
78.6%
superstitious;
78.6%
Do
74.8%
that
73.8%
that
73.8%
that
73.8%
that
73.8%
don't
72.4%
don't
72.4%
% Correct
don't
72.4%
don't
72.4%
writing's
69.7%
believe
69.5%
believe
69.5%
believe
69.5%
things
68.8%
things
68.8%
things
68.8%
things
68.8%
things
68.8%
understand,
68.8%
understand,
68.8%
understand,
68.8%
When
68.4%
When
68.4%
When
68.4%
to
66.1%
to
66.1%
of
63.3%
of
63.3%
of
63.3%
and
63.1%
way.
62.8%
way.
62.8%
way.
62.8%
way,
62.8%
is
59%
your
57.7%
your
57.7%
your
57.7%
then
56.5%
then
56.5%
then
56.5%
fall.
55.8%
baby
53.9%
baby
53.9%
can.
53.1%
month
51%
month
51%
bad
50.5%
bad
50.5%
all
50.1%
Thirteen
49.5%
Thirteen
49.5%
old
48.5%
old
48.5%
luck.
47.9%
luck;
47.9%
years
46.6%
% Correct
years
46.6%
suffer.
46.4%
suffer.
46.4%
suffer.
46.4%
Seven
45.8%
Seven
45.8%
me
44.1%
me
44.1%
me
44.1%
me;
44.1%
looking
43.4%
looking
43.4%
no
43.1%
no
43.1%
no.
43.1%
glass.
42.6%
glass.
42.6%
'bout
42.1%
ain't
40.3%
ain't
40.3%
ain't
40.3%
good
37.9%
good
37.9%
past.
35.6%
past.
35.6%
broke
33.8%
broke
33.8%
hands.
30.5%
face
30.3%
my
29.8%
wash
29%
his
28.5%
say.
25.1%
ladder's
24.1%
wanna
23.4%
devil's
23.2%
going
21.7%
Keep
21.3%
keep
21.3%
more
20.8%
Nothing
20.6%
problem.
20.5%
daydream;
16.8%
sad
16.3%
song.
15.6%
save
15.2%
strong.
14.8%
Rid
13.1%
Remove Ads.
Support Sporcle.
Get the best of Sporcle when you Go Orange. This ad-free experience offers more features, more stats, and more fun while also helping to support Sporcle. Thank you for becoming a member.

You're not logged in!

Compare scores with friends on all Sporcle quizzes.
OR
Log In

Show Comments

Extras

Top Quizzes Today


Score Distribution

Your Account Isn't Verified!

In order to create a playlist on Sporcle, you need to verify the email address you used during registration. Go to your Sporcle Settings to finish the process.

Report this User

Report this user for behavior that violates our Community Guidelines.

Details: